000 00811nam a22002897a 4500
001 BR0505198
003 BR-BrBNA
005 20230928102033.0
007 ta
008 230509b bl.||||| |||| 00| 0 por d
040 _aBR-BrBNA
_bpor
_cBiblioteca Nacional de Agricultura
041 _a(Por)
072 _aD50; E20
090 _ D50 BR0505198
110 1 _aCompanhia de Seguros do Estado de São Paulo, SP (Brasil)
_92415
245 1 _aCondições especiais do seguro de custeio agrícola; estado do Paraná; ciclo 2000/2001
260 3 _aSão Paulo, SP (Brasil):
_c2000.
300 _a30 p.
650 _aSEGURO RURAL
650 _aPOLÍTICA AGRÍCOLA
650 _aCUSTO
650 _aNORMA
650 _aTARIFA
650 _aPARANÁ
909 _a202309
_bLucia
_c55
_dLucia Elande
942 _cBK
999 _c68821
_d68821